| 000 | 00732nam a22002177a 4500 | ||
|---|---|---|---|
| 003 | OSt | ||
| 005 | 20250704090142.0 | ||
| 008 | 250704b |||||||| |||| 00| 0 eng d | ||
| 020 | _a978-1-118-87910-8 | ||
| 040 |
_aDWC-Main Lib _cOC |
||
| 082 | _aCirc. 624.183 41 M478d 2016 | ||
| 100 | _aMccormac, Jack | ||
| 245 |
_aDesign of reinforced concrete/ _cJack Mccormac & Russell H. Brown |
||
| 250 | _aTenth edition | ||
| 260 |
_aHoboken, NJ: _bJohn Wiley & Sons, Inc., _cc2016. |
||
| 300 |
_axiii, 650 pages: _billustrations; _c26 cm. |
||
| 504 | _aIncludes bibliographical references and index. | ||
| 650 | _a1. Reinforced concrete construction. | ||
| 700 | _aBrown, Russell H. | ||
| 942 |
_2ddc _cBK-CIRC _eTenth edition _kCirc. _n0 |
||
| 999 |
_c3410 _d3410 |
||